Mario Kart Tour - les Personnages [avec image] - Statistiques

Statistiques générales
  • Ce quiz a été pris 39 fois
    10 depuis la dernière actualisation
  • Le résultat moyen est 131 sur 203
Statistiques - réponses
Par images Réponse % Correct
Bébé Daisy
100%
Bébé Luigi
100%
Bébé Mario
100%
Bébé Peach
100%
Bowser
100%
Donkey Kong
100%
Harmonie
100%
Koopa Troopa
100%
Luigi
100%
Mario
100%
Princesse Daisy
100%
Princesse Peach
100%
Skelerex
100%
Toad
100%
Toadette
100%
Waluigi
100%
Wario
100%
Yoshi
100%
Yoshi (bleu)
100%
Yoshi (orange)
100%
Yoshi (rose)
100%
Yoshi (rouge)
100%
Bébé Harmonie
86%
Birdo
86%
Birdo (bleu)
86%
Birdo (bleu ciel)
86%
Birdo (jaune)
86%
Birdo (rouge)
86%
Birdo (vert)
86%
Bowser Jr.
86%
Daisy (mère Noël)
86%
Diddy Kong
86%
Frère Boomerang
86%
Frère Cryo
86%
Frère Marto
86%
Iggy Koopa
86%
Lakitu
86%
Larry Koopa
86%
Lemmy Koopa
86%
Luigi Pingouin
86%
Mario de glace
86%
Mario de Métal
86%
Mario (père Noël)
86%
Maskass
86%
Maskass (blanc)
86%
Maskass (bleu)
86%
Maskass (bleu ciel)
86%
Maskass (jaune)
86%
Maskass (noir)
86%
Maskass (or)
86%
Maskass (orange)
86%
Maskass (rose)
86%
Maskass (vert)
86%
Morton Koopa Jr.
86%
Pauline
86%
Peach d'or rose
86%
Peachette
86%
Roi Boo
86%
Wendy O. Koopa
86%
Yoshi (blanc)
86%
Yoshi (bleu ciel)
86%
Yoshi (jaune)
86%
Yoshi (renne)
86%
Bébé Mario (koala)
71%
Birdo (blanc)
71%
Birdo (noir)
71%
Birdo (orange)
71%
Bowser Jr. (pirate)
71%
Bowser (père Noël)
71%
Capitaine Toad
71%
Carottin
71%
Daisy (fée)
71%
Daisy (fermière)
71%
Dr.Bowser
71%
Dr.Luigi
71%
Dr.Mario
71%
Dr.Peach
71%
Frère Pyro
71%
Kamek
71%
Ludwig von Koopa
71%
Luigi Chat
71%
Luigi (chevalier)
71%
Luigi (chevalier d'or)
71%
Luigi (golfeur)
71%
Luigi (peintre)
71%
Mario (aviateur)
71%
Mario (baseball)
71%
Mario Chat
71%
Mario (chef)
71%
Mario d'or
71%
Mario (golfeur)
71%
Mario (Halloween)
71%
Mario (mariage)
71%
Mario Pingouin
71%
Mario (roi)
71%
Mii
71%
Peach Chat
71%
Peach (Halloween)
71%
Peach (kimono)
71%
Peach (mariage)
71%
Roi Bob-Omb
71%
Roy Koopa
71%
Toad Chat
71%
Toadette Pingouin
71%
Toad Pingouin
71%
Topi Taupe
71%
Wiggler
71%
Yoshi (chasse aux œufs)
71%
Yoshi (noir)
71%
Yoshi (œuf d'or)
71%
Bébé Harmonie (détective)
57%
Bowser Chat
57%
Bowser Skelet
57%
Bowser Skelet (or)
57%
Daisy (maillot de bain)
57%
Daisy (yukata)
57%
Dixie Kong
57%
Flora Piranha
57%
Funky Kong
57%
Harmonie Chat
57%
Harmonie (cheffe)
57%
Harmonie (Halloween)
57%
Harmonie (maillot de bain)
57%
Luigi (bavarois)
57%
Luigi (chef)
57%
Luigi (classique)
57%
Luigi (vacancier)
57%
Mario (classique)
57%
Mario (maillot de bain)
57%
Mario (pilote de course)
57%
Mario (samouraï)
57%
Mario Tanuki
57%
Mario Tanuki Blanc
57%
Pauline (cowgirl)
57%
Peach (exploratrice)
57%
Peach (vacancière)
57%
Peach (yukata)
57%
Roi Bob-Omb (or)
57%
Roi Boo (or)
57%
Skelerex (or)
57%
Toad (astronaute)
57%
Toadette (astronaute)
57%
Waluigi (vampire)
57%
Wario (cow-boy)
57%
Wiggler (or)
57%
Yoshi (kangourou)
57%
Bill Dozer
43%
Bill Dozer (or)
43%
Daisy (robe thaïlandaise)
43%
Donkey Kong (gladiateur)
43%
Flora Piranha (or)
43%
Harmonie (aurore)
43%
Harmonie de feu
43%
Harmonie Tanuki
43%
Harmonie (Volendam)
43%
Lakitu (soirée)
43%
Larry (hivernal)
43%
Luigi (mécano)
43%
Mario (hakama)
43%
Mario (mécano)
43%
Mario (musicien)
43%
Mario (SNES)
43%
Mario (Sunshine)
43%
Maskass (ninja)
43%
Maskass rose (ninja)
43%
Pauline (roses rouges)
43%
Pauline (soirée)
43%
Peach (hivernale)
43%
Poochy
43%
Toadette (exploratrice)
43%
Toad (soirée)
43%
Toad (touriste)
43%
Waluigi (chauffeur)
43%
Bébé Peach (chérubin)
29%
Daisy (costume marin)
29%
Donkey Kong Jr. (SNES)
29%
Koopa bleu (course)
29%
Koopa (course)
29%
Koopa doré (course)
29%
Koopa rouge (course)
29%
Koopa violet (course)
29%
Luigi Kitsune
29%
Luigi (ouvrier)
29%
Mario (happi)
29%
Mario (ouvrier)
29%
Mario (Satellaview)
29%
Maskass (pâtissier)
29%
Peach (happi)
29%
Roi Boo (Luigi's Mansion)
29%
Toad bleu ciel (stand)
29%
Toadette (costume marin)
29%
Toadette (ouvrière)
29%
Toad jaune (stand)
29%
Toad (ouvrier)
29%
Toad rose (stand)
29%
Toad rouge (stand)
29%
Toad (stand)
29%
Toad vert (stand)
29%
Toad violet (stand)
29%
Wario (campeur)
29%
Mario (costume noir)
14%
Maskass bleu ciel (explorateur)
14%
Maskass jaune (explorateur)
14%
Aucun quiz correspondant
Distribution des résultats
% des personnes avec chaque résultat
Percentile par nombre de réponses
Votre historique - résultats
Vous n’avez pas pris ce quiz depuis la dernière actualisation